...But Is It Shakespeare? Quiz Stats

 Plays Quiz Updated Jun 23, 2012

Challenge
Share
Tweet
Embed
Score 0/30 Timer 07:00
0 Plays Today
Famous Quote S or N? % Correct
Parting is such sweet sorrow, that I shall say good night till it be morrow.???
84%
Lord, what fools these mortals be!???
79.6%
Uneasy lies the head that wears a crown.???
78.1%
Then must you speak of one that loved not wisely but too well.???
72.7%
We are such stuff as dreams are made on; and our little life is rounded with a sleep.???
71.4%
Neither a borrower nor a lender be.???
71.1%
Misery acquaints a man with strange bedfellows.???
70%
How sharper than a serpent's tooth it is to have a thankless child.???
68.1%
Cowards die many times before their deaths; the valiant never taste of death but once.???
63.6%
No man is an island entire of itself; every man is a piece of the continent, a part of the main.???
61.7%
Better to reign in Hell, than to serve in Heaven.???
61.5%
'Tis the sport to have the enginer hoist with his own petard.???
57.4%
The better part of valour is discretion.???
55.4%
All that glisters is not gold.???
55.3%
He will give the devil his due.???
53.5%
Famous Quote S or N? % Correct
'Beauty is truth, truth beauty'—that is all ye know on earth, and all ye need to know.???
52.9%
Their's not to reason why, their's but to do and die.???
52.8%
Beauty is in the eye of the beholder.???
51%
Where are all the good men dead? In the heart, or in the head????
50.6%
'Tis better to have loved and lost than never to have loved at all.???
47.7%
Some are born great; some achieve greatness; and some have greatness thrust upon them.???
44.4%
For ye suffer fooles gladly, seeing ye your selves are wise.???
43.6%
The Devil can cite scripture for his purpose.???
42.6%
A fool and his money is soon parted.???
41.5%
'Tis absence, however, that makes the heart grow fonder.???
39.7%
What are kings, when regiment is gone, but perfect shadows in a sunshine day????
38.5%
How do I love thee? Let me count the ways.???
36.2%
From Hell's heart, I stab at thee; For hate's sake, I spit my last breath at thee.???
33.7%
Heaven has no rage like love to hatred turned, nor hell a fury like a woman scorned.???
33.2%
Oh what a tangled web we weave, when first we practise to deceive!???
31.7%

You're not logged in!

Compare scores with friends on all Sporcle quizzes.
Join for Free
OR
Log In

You Might Also Like...

Show Comments

Extras

Top Quizzes Today


Score Distribution

Your Account Isn't Verified!

In order to create a playlist on Sporcle, you need to verify the email address you used during registration. Go to your Sporcle Settings to finish the process.

Report this User

Report this user for behavior that violates our Community Guidelines.

Details: